Babylon 5 Characters SPOILERS Quiz Stats

 Plays Quiz not verified by Sporcle

Also try: TV Show by Kids
Challenge
Share
Tweet
Embed
Score 0/15 Timer 10:00
0 Plays Today
Actor Character % Correct
Mira Furlan Delenn
95.6%
Andreas KatsulasG'Kar
94.2%
Bruce BoxleitnerJohn Sheridan
94.1%
Jerry DoyleMichael Garibaldi
93.7%
Claudia ChristianSusan Ivanova
92.7%
Peter Jurasik Londo Mollari
92.2%
Michael O'HareJefferey Sinclair
89.5%
Walter Koenig Alfred Bester
88.7%
Actor Character % Correct
Jason CarterMarcus Cole
87.3%
Stephen FurstVir Cotto
87.2%
Bill MumyLennier
86.5%
Richard BiggsDr. Stephen Franklin
85.3%
Ed WasserMorden
84.1%
Patricia Tallman Lyta Alexander
83.1%
Jeff ConawayZack Allen
83%

You're not logged in!

Compare scores with friends on all Sporcle quizzes.
OR
Log In

You Might Also Like...

Show Comments

Extras

Top Quizzes Today


Score Distribution

Your Account Isn't Verified!

In order to create a playlist on Sporcle, you need to verify the email address you used during registration. Go to your Sporcle Settings to finish the process.

Report this User

Report this user for behavior that violates our Community Guidelines.

Details: